| 000 | 00854cam a2200193 4500 | ||
|---|---|---|---|
| 001 | ##L131727 | ||
| 008 | 051202n2005 000 0 eng u | ||
| 035 | _a(Sirsi) u131727 | ||
| 041 | 0 | _aeng | |
| 100 | 1 | _aHartless, R. | |
| 110 | 0 | 2 | _aBuilding Research Establishment |
| 245 | 0 | 0 | _aSite Preparation and Resistance to Contaminants and Moisture |
| 260 | 3 | _c2005 | |
| 490 | 0 |
_aConstructing the Future _vAutumn 2005 (26), 13(1) |
|
| 520 | _aReviews the requirements of the new version of Approved Document C to the Building Regulations. Summarises C1 Site Preparation and Resistance to Contaminants which provides guidance on site investigations and risk assessment together with appropriate remedial measures and C2 Resistance to Moisture in floors, walls and roofs. | ||
| 590 | _aIKA061205 | ||
| 690 |
_aBuilding regulations _96224 |
||
| 942 | _n0 | ||
| 999 |
_c104815 _d104815 |
||